000
00300nam a2200109Ia 4500
008
210107s9999 xx 000 0 und d
100
_a
Drucker, Peter
245
0
_a
Managing for results; Economic tasks and risk -taking decisions
260
_a
New York
_b
Harper Business
300
_a
240
942
_c
BK
999
_c
10675
_d
10675